Villes du Monde en E - Statistiques

Statistiques générales
  • Ce quiz a été pris 98 fois
  • Le résultat moyen est 3 sur 12
Statistiques - réponses
Pays Population Ville % Correct
Royaume-Uni 523K Edinburgh / Édimbourg
93%
Canada 712K Edmonton
41%
Allemagne 593K Essen
33%
Espagne 230K Elche
26%
États-Unis 681K El Paso
19%
Irak 932K Erbil
17%
Finlande 256K Espoo
9%
Afrique du Sud 478K East London
4%
Nigeria 688K Enugu
4%
Mexique 1,6M Ecatepec de Morelos
2%
Paraguay 135K Encarnación
1%
Turquie 520K Esenler
0%
Aucun quiz correspondant
Distribution des résultats
% des personnes avec chaque résultat
Percentile par nombre de réponses
Votre historique - résultats
Vous n’avez pas pris ce quiz